The sermon bible; vol. 4. (Record no. 1610)

000 -LEADER
fixed length control field 00454nam a2200157 a 4500
001 - CONTROL NUMBER
control field :::00017795$&:&@@
003 - CONTROL NUMBER IDENTIFIER
control field OkBaRHE
005 - DATE AND TIME OF LATEST TRANSACTION
control field 20100326171642.0
008 - FIXED-LENGTH DATA ELEMENTS--GENERAL INFORMATION
fixed length control field j 000 0 eng u
040 ## - CATALOGING SOURCE
Transcribing agency
245 14 - TITLE STATEMENT
Title The sermon bible; vol. 4.
260 ## - PUBLICATION, DISTRIBUTION, ETC. (IMPRINT)
Place of publication, distribution, etc New York
Name of publisher, distributor, etc Funk & Wagnalls Company
300 ## - PHYSICAL DESCRIPTION
Extent v. (1-10)
942 ## - ADDED ENTRY ELEMENTS (KOHA)
Source of classification or shelving scheme
Koha item type Books
Copies
Damaged status Date last seen Withdrawn status Copy number Not for loan Shelving location Price effective from Source of classification or shelving scheme Permanent Location Barcode Full call number Date acquired Collection code Lost status Koha item type
 2010-04-14 1 General Stacks2010-04-14 RHEMA Bible Training College17795BS 534.5 S382010-04-14Reference Books